LEADER 03176nas 2200901-a 450 001 996216814703316 005 20230331213017.0 035 $a(OCoLC)300495973 035 $a(CKB)954927625197 035 $a(CONSER)--2011250817 035 $a(EXLCZ)99954927625197 100 $a20090130b19771995 --- - 101 0 $aeng 135 $aurunu---uuaua 181 $ctxt$2rdacontent 182 $cc$2rdamedia 183 $acr$2rdacarrier 200 10$aProceedings /$fthe ... Annual Symposium on Computer Application in Medical Care 210 $aNew York, N.Y. $cInstitute of Electrical and Electronics Engineers$d©1977-©1995 210 2 $aNew York $cMcGraw-Hill 210 3 $aPhiladelphia $cHanley & Belfus 300 $aSome issues have also a distinctive title. 311 $a0195-4210 517 1 $aProceedings. Computer application in medical care 517 1 $aIEEE computer applications in medical care 517 1 $aSCAMC proceedings 531 $aPROC ANNU SYMP COMPUT APPL MED CARE 531 $aPROCEEDINGS THE ANNUAL SYMPOSIUM ON COMPUTER APPLICATIONS IN MEDICAL CARE 606 $aMedicine$xData processing$vCongresses 606 $aMedicine$vCongresses 606 $aComputers$vCongresses 606 $aMedical Informatics Applications$vCongresses 606 $aComputer Communication Networks 606 $aComputers 606 $aMedical Informatics 606 $aMedical Informatics Applications 606 $aMedical Informatics Computing 606 $aSocieties, Medical 606 $aComputer Communication Networks$vPeriodicals 606 $aComputers$vPeriodicals 606 $aMedical Informatics$vPeriodicals 606 $aMedical Informatics Applications$vPeriodicals 606 $aMedical Informatics Computing$vPeriodicals 606 $aSocieties, Medical$vPeriodicals 606 $aMedicine$xData processing$2fast$3(OCoLC)fst01014924 606 $aComputers$2gtt 606 $aGeneeskunde$2gtt 608 $aPeriodical. 608 $aConference papers and proceedings.$2fast 608 $aPeriodicals.$2fast 608 $aConference papers and proceedings.$2lcgft 615 0$aMedicine$xData processing 615 2$aMedicine 615 2$aComputers 615 2$aMedical Informatics Applications 615 2$aComputer Communication Networks. 615 2$aComputers. 615 2$aMedical Informatics. 615 2$aMedical Informatics Applications. 615 2$aMedical Informatics Computing. 615 2$aSocieties, Medical. 615 2$aComputer Communication Networks 615 2$aComputers 615 2$aMedical Informatics 615 2$aMedical Informatics Applications 615 2$aMedical Informatics Computing 615 2$aSocieties, Medical 615 7$aMedicine$xData processing. 615 17$aComputers. 615 17$aGeneeskunde. 676 $a362.1/028/54 712 02$aInstitute of Electrical and Electronics Engineers. 712 02$aIEEE Computer Society. 712 02$aAmerican Medical Informatics Association. 906 $aJOURNAL 912 $a996216814703316 996 $aProceedings$957126 997 $aUNISA LEADER 04847nam 22006135 450 001 9910298581203321 005 20251113174649.0 010 $a981-13-2568-5 024 7 $a10.1007/978-981-13-2568-7 035 $a(CKB)4100000007110527 035 $a(MiAaPQ)EBC5588728 035 $a(DE-He213)978-981-13-2568-7 035 $a(PPN)232469512 035 $a(EXLCZ)994100000007110527 100 $a20181101d2018 u| 0 101 0 $aeng 135 $aurcnu|||||||| 181 $ctxt$2rdacontent 182 $cc$2rdamedia 183 $acr$2rdacarrier 200 10$aAdvances in Polymer Sciences and Technology $eSelect Papers from APA 2017 /$fedited by Bhuvanesh Gupta, Anup K. Ghosh, Atsushi Suzuki, Sunita Rattan 205 $a1st ed. 2018. 210 1$aSingapore :$cSpringer Nature Singapore :$cImprint: Springer,$d2018. 215 $a1 online resource (247 pages) 225 1 $aMaterials Horizons: From Nature to Nanomaterials,$x2524-5392 311 08$a981-13-2567-7 327 $aSynthesis of Lysine Mimicking Membrane Active Antimicrobial Polymers -- Structural and Morphological Analysis of Newly Synthesized Cuo@Alginate Nanocomposite with Enriched Electrical Properties -- Novel Polymeric Adsorbent for the Remediation of Cu (II) Ions from Water -- Artificial Neural Network Modeling to Predict Bacterial Attachment on Composite Biopolymeric Scaffold -- Triboelectric based Kinetic Energy Harvesting Using Polydimethylsiloxane (PDMS) -- Thermal Conductivity Enhancement of Epoxy Composite Based on Hybrid BN and Graphite Particulate Conductive Fillers and Effect of Hybrid Sample Thickness (T) and Filler Fraction on Thermal Resistance (R) and Thermal Conductivity (K) -- Antibacterial Activity of Antimicrobial Peptide (AMP) Grafted Polystyrene Surface -- Stabilization Studies of Epoxidized Soybean Oil Plasticized PVC Films in Presence Of beta-diketone Additives -- Homopolymer, Copolymers and Terpolymer Synthesis via Esterification-cum-Addition of N-Substituted Phthalimidewith Acrylates: Studies on Influences of Macromolecule Compositions on Thermal and Microbial Performances.-Multifunctional Compatibilizer for Polypropylene Blends With PMMA And EVA -- Polymer Nanocomposites: Modification Through Swift Heavy Ions -- Development of Hybrid Composites and Joining Technology For Lightweight Structures -- Starch-Chitosan blend Cross-Linked With Calcium Chloride -- Titania-Gelatin Based Nano-Hybrids: A Versatile Material For Removal of Organic Dyes (Congo Red; Malachite Green; Crystal Violet & Methylene Blue) From Aqueous Solution -- Formulation And Characterization of Poly (D,L-Lactide-co-Glycolide) Nanoparticles loaded with Achyranthes Aspera for Increasing Bioavailability -- Development of CNT-Polymer Film Based Electrode for the Detection of Glucose -- Anticancer Drug Loaded Folate Conjugated Multiwalled Carbon Nanotubes -- Designing And Nanofunctionalization of Infection Resistant Polyester Suture -- Efficient Extraction of Antioxidants and Lubricants from Commercial Polypropylene Pellets and their Quantification Using HPLC -- Mandelic Acid Incorporated Antimicrobial Soy Protein Film Fabricated by Solution Casting. 330 $aThis book presents select papers presented at the annual meeting of the Asian Polymer Association. The chapters in this volume document and report on a wide range of significant recent results for various applications, as well as scientific developments in the areas of polymer science and engineering. The chapters include original research from all areas of polymer science and technology with a focus on the manufacture, processing, analysis and application of long chain polymer molecules. This book will be of interest to researchers in academia and industry alike. . 410 0$aMaterials Horizons: From Nature to Nanomaterials,$x2524-5392 606 $aMaterials$xAnalysis 606 $aBiomaterials 606 $aPolymers 606 $aMaterials 606 $aCharacterization and Analytical Technique 606 $aBiomaterials 606 $aPolymers 606 $aMaterials Engineering 615 0$aMaterials$xAnalysis. 615 0$aBiomaterials. 615 0$aPolymers. 615 0$aMaterials. 615 14$aCharacterization and Analytical Technique. 615 24$aBiomaterials. 615 24$aPolymers. 615 24$aMaterials Engineering. 676 $a547.84 702 $aGupta$b Bhuvanesh$4edt$4http://id.loc.gov/vocabulary/relators/edt 702 $aGhosh$b Anup K$4edt$4http://id.loc.gov/vocabulary/relators/edt 702 $aSuzuki$b Atsushi$4edt$4http://id.loc.gov/vocabulary/relators/edt 702 $aRattan$b Sunita$4edt$4http://id.loc.gov/vocabulary/relators/edt 906 $aBOOK 912 $a9910298581203321 996 $aAdvances in Polymer Sciences and Technology$91568371 997 $aUNINA